JRの利用者数TOP100(全国) - Statistics

General Stats
  • This quiz has been taken 207 times
  • The average score is 83 of 100
Answer Stats
# 利用者数 都道府県 駅名 % Correct
1 1,301,204 東京都 新宿
99%
2 1,132,018 東京都 東京
99%
3 979,866 東京都 池袋
99%
4 734,838 大阪府 大阪
99%
6 628,118 東京都 渋谷
99%
7 557,483 愛知県 名古屋
99%
9 488,786 埼玉県 大宮
99%
5 724,696 神奈川県 横浜
97%
12 412,899 京都府 京都
97%
38 201,050 千葉県 千葉
97%
8 623,845 東京都 品川
96%
14 374,620 神奈川県 川崎
96%
16 348,228 東京都 上野
96%
19 284,168 福岡県 博多
96%
53 172,084 北海道 札幌
95%
10 438,226 東京都 新橋
94%
11 423,996 東京都 秋葉原
94%
17 307,407 大阪府 新大阪
94%
33 228,384 宮城県 仙台
94%
69 141,126 広島県 広島
94%
20 269,052 東京都 大崎
93%
25 251,068 千葉県 船橋
93%
37 204,286 東京都 日暮里
93%
50 175,758 東京都 神田
92%
64 151,038 東京都 八王子
92%
78 130,676 岡山県 岡山
92%
13 387,496 東京都 北千住
91%
22 253,334 東京都 浜松町
91%
45 181,204 東京都 目黒
91%
21 264,102 大阪府 天王寺
90%
29 242,206 東京都 恵比寿
90%
30 238,712 東京都 田町
90%
31 231,870 兵庫県 三ノ宮
90%
18 301,256 東京都 立川
89%
35 215,278 東京都 五反田
89%
62 152,189 静岡県 静岡
89%
24 251,910 千葉県 西船橋
88%
36 215,118 神奈川県 武蔵小杉
88%
47 176,426 埼玉県 浦和
88%
15 351,420 東京都 高田馬場
87%
23 252,158 東京都 中野
87%
26 251,064 東京都 有楽町
87%
34 228,204 千葉県
87%
48 176,400 千葉県 松戸
87%
49 176,278 東京都 西日暮里
87%
66 148,002 埼玉県 川口
87%
79 129,970 東京都 原宿
87%
58 166,850 神奈川県 新横浜
86%
32 228,988 大阪府 京橋
85%
44 183,284 東京都 赤羽
85%
46 177,992 神奈川県 大船
85%
54 171,914 東京都 御茶ノ水
85%
61 152,312 千葉県 舞浜
85%
70 140,708 愛知県 金山
85%
93 109,408 東京都 代々木
85%
28 242,214 東京都 蒲田
84%
39 200,928 神奈川県 藤沢
83%
27 250,254 東京都 吉祥寺
82%
55 171,852 東京都 四ツ谷
82%
82 121,704 東京都 御徒町
82%
41 196,614 東京都 町田
81%
42 196,090 神奈川県 戸塚
81%
43 187,830 東京都 錦糸町
81%
57 167,532 東京都 三鷹
81%
72 139,336 神奈川県 鶴見
81%
77 131,550 東京都 巣鴨
81%
92 109,782 千葉県 市川
81%
40 197,982 東京都 国分寺
79%
52 173,380 大阪府 鶴橋
79%
56 168,378 東京都 大井町
79%
60 156,446 東京都 大森
79%
51 175,640 千葉県 津田沼
78%
59 160,004 東京都 荻窪
78%
88 110,712 神奈川県 平塚
77%
73 137,154 東京都 水道橋
76%
68 141,322 神奈川県 桜木町
75%
100 104,054 東京都 大塚
75%
75 132,038 東京都 飯田橋
74%
96 107,616 埼玉県 南浦和
73%
83 119,192 神奈川県 橋本
72%
85 114,970 大阪府 高槻
72%
67 141,472 東京都 新小岩
71%
74 134,412 東京都 新木場
71%
81 121,968 大阪府 新今宮
71%
91 110,392 千葉県 海浜幕張
71%
99 105,244 埼玉県 さいたま新都心
71%
84 116,612 東京都 小岩
69%
97 105,842 埼玉県 西川口
69%
89 110,668 東京都 武蔵小金井
68%
63 151,766 神奈川県 武蔵溝ノ口
67%
65 149,082 神奈川県 登戸
67%
86 113,878 東京都 王子
67%
95 107,842 埼玉県
67%
94 107,904 千葉県 本八幡
65%
71 140,246 埼玉県 南越谷
63%
80 122,852 東京都 武蔵境
63%
90 110,574 神奈川県 長津田
63%
98 105,714 東京都 亀戸
63%
76 131,776 埼玉県 北朝霞
57%
87 110,776 神奈川県 辻堂
57%
No matching quizzes found
Score Distribution
Percent of People with Each Score
Percentile by Number Answered
Your Score History
You have not taken this quiz